| 000 | 00927nam a2200229Ia 4500 | ||
|---|---|---|---|
| 999 |
_c5739 _d5739 |
||
| 003 | OSt | ||
| 005 | 20200406183352.0 | ||
| 008 | 191128s1982 ck gr 000 0 ck d | ||
| 040 |
_aCO-JMCR _cCO-JMCR |
||
| 041 | 0 | _aspa | |
| 082 | 0 | 4 |
_a321.09 / _bA481g _221 |
| 100 | 1 |
_aÁlvarez Restrepo, Antonio, _eautor _92556 |
|
| 245 | 1 | 0 |
_aLos golpes de estado en Colombia / _cAntonio Alvarez Restrepo |
| 260 |
_aBogotá : _bBanco de la República, _c1982 |
||
| 300 |
_a236 páginas ; _c20 cm. |
||
| 504 | _aBibliografía: páginas 231-236 | ||
| 505 | 0 | _aConsideraciones sobre la forma como se ha escrito la historia en Colombia" -- Los golpes de Estado -- La dictadura del libertador -- El singular caso de Urdaneta -- Una vida infortunada : Obando | |
| 650 | 1 | 4 |
_aGolpes de Estado _xhistoria _zColombia _92557 |
| 650 | 1 | 4 |
_aPolítica y gobierno _zColombia _92558 |
| 650 | 1 | 4 |
_aHistoria _ySiglos XIX-XX _zColombia _92559 |
| 942 |
_2ddc _cBK |
||